000 00997ngm a2200241 4500
008 s2008 fr fre u
020 _a9782218933042
040 _aLB-BrCRDP
082 1 _a371.335
_bPédagogie
100 1 _aMeirieu, Philipe
245 1 0 _aDVD ... Questions de Pédagogie : Plaisir de lire à l'école
_cPhilipe Meirieu
260 _aParis
_bHatier
_c2008
300 _c19 cm
520 _aConstruire des compétences de lecteur est une condition nécessaire, mais est-elle suffisante dans la difficile conquête du plaisir de lire ? Comment se construit la culture littéraire chez l'enfant ? Comment l'école peut-elle favoriser son appropriation ? Les élèves d'aujourd'hui lisent-t- ils pour leur palisir ?
650 4 _aPédagogie
650 4 _aLittérature enfantine
650 4 _aEcole maternelle
650 4 _aCulture littéraire
650 4 _aBCD
650 4 _aFormation initiale
942 _cVM
999 _c4802
_d4802